000 00648nam a2200181Ia 4500
008 151202s9999||||xx |||||||||||||| ||und||
082 _bPNVM-33468
100 _aटेकाडे मुकुंद.
245 _aपु. ल. चा नाटयप्रवास.
260 _b"मनोरंजन प्रकाशन,मुंबई."
260 _c1980
300 _a95
600 _aटेकाडे मुकुंद.
630 _aपु. ल. चा नाटयप्रवास.
700 _aटेकाडे मुकुंद.
730 _aपु. ल. चा नाटयप्रवास.
942 _cBOOK
999 _c1299427
_d1299424